Score 0/24 Timer 03:00
3 Plays Today
Clue 4-Letter Word % Correct
Opposite of lessMORE
94.8%
A collection of cattleHERD
93.8%
To browse the InternetSURF
93.5%
Animal fatLARD
92.6%
A beauty mark is a small one of theseMOLE
92.6%
Tough, difficult, or solidHARD
91.6%
Fungi that can lead to bread spoilageMOLD
91.2%
Not thereHERE
91.1%
The place where your gang rulesTURF
90.8%
Catholics avoid this on Fridays during lentMEAT
90.7%
Dr. Seuss coined word for a geekNERD
90.5%
An indentured servant in the feudal systemSERF
89.3%
Clue 4-Letter Word % Correct
SongbirdLARK
89.2%
To stay around, but in a shady wayLURK
88.1%
Foam-based toy brand for kidsNERF
88.1%
Just, or only, or slightlyMERE
87.5%
A division between sections of hairPART
86.3%
J.D.'s pal on 'Scrubs'TURK
84.5%
'Sunglasses at Night' singer CoreyHART
82.1%
Alchemists hoped the philosopher's stone gave thisGOLD
80.6%
Moss-based fuelPEAT
79.9%
Fermented honey and waterMEAD
76.8%
High-spiritedPERT
75.4%
Alchemists used the philosopher's stone on thisLEAD
62.5%

Today's Daily Dose

Missing Word
I Hardly Know Her!

Word Ladder
Sentence Ending

Quick Pick
Female Firsts

Get the Picture
Triathlon Sports

Remove Ads.
Support Sporcle.
Get the best of Sporcle when you Go Orange. This ad-free experience offers more features, more stats, and more fun while also helping to support Sporcle. Thank you for becoming a member.

You're not logged in!

Compare scores with friends on all Sporcle quizzes.
OR
Log In

Show Comments

Extras

Top Quizzes Today


Score Distribution

Your Account Isn't Verified!

In order to create a playlist on Sporcle, you need to verify the email address you used during registration. Go to your Sporcle Settings to finish the process.

Report this User

Report this user for behavior that violates our Community Guidelines.

Details: